| 000 | 00929nam a2200241 a 4500 | ||
|---|---|---|---|
| 001 | 40275 | ||
| 003 | BD-RjUL | ||
| 005 | 20211209053200.0 | ||
| 008 | 160427s1972 bg a|||| b||| 001 0 ben d | ||
| 020 | _c: TK 8.00 | ||
| 035 | _a(BD-RjUL)40390 | ||
| 040 |
_aBD-RjUL _bben _cBD-RjUL |
||
| 041 | _aben | ||
| 082 |
_223 _a891.4409 _bSHS 1972 |
||
| 100 |
_aশরীফ, আহমদ _9120275 |
||
| 245 | 1 | 0 |
_aসৈয়দ সুলতান : _bতাঁর গ্রন্থাবলী ও তাঁর যুগ / _cআহমদ শরীফ |
| 260 |
_aঢাকা : _bবাংলা একাডেমী, _c১৯৭২ |
||
| 300 |
_a খণ্ড ; _c২২ সেমি. |
||
| 505 | _aখণ্ড ১ -- | ||
| 650 |
_aBengali Literature _xHistory and Criticism _9117020 |
||
| 650 |
_aবাংলা সাহিত্য _xইতিহাস ও সমালোচনা _9118060 |
||
| 942 |
_2ddc _cBK _02 |
||
| 999 |
_c40275 _d40275 |
||